'Pig' Vocabulary Quiz Stats

 Plays Quiz Updated Nov 7, 2019

Score 0/12 Timer 03:00
4 Plays Today
% Correct
piggyback
94.1%
pigtail
93.1%
pigment
92.9%
pigboat
90.1%
pigmy
89.2%
pigsty
88.5%
pigeonhole
85.5%
pigsticking
73.4%
pignoli
71.1%
pignus
61.4%
piggin
48.1%
pigwidgeon
47.7%

You're not logged in!

Compare scores with friends on all Sporcle quizzes.
OR
Log In

Sporcle TV

Today on Sporcle TV


Watch our educational content, quiz creation guides, and fun videos on Sporcle TV.

Show Comments

Extras

Top Quizzes Today


Score Distribution

Your Account Isn't Verified!

In order to create a playlist on Sporcle, you need to verify the email address you used during registration. Go to your Sporcle Settings to finish the process.

Report this User

Report this user for behavior that violates our Community Guidelines.

Details: